000 01261nac a22003737a 4500
001 BR0402088
003 BR-BrBNA
005 20240105123002.0
008 230509b bl.|||m| |||| 00| 0 por d
040 _aBR-BrBNA
_bpor
_cBiblioteca Nacional de Agricultura
072 _aF03; F06
090 _a1410 BR0402088
100 1 _aRava, C.A.
100 1 _aCosta, J.G.C. da
100 1 _aAidar, H.
100 1 _aKluthcouski, J.
110 1 _aEMBRAPA Arroz e Feijão, Santo Antônio de Goiás (Brasil)
_93570
245 1 _aProdução de sementes de feijoeiro comum livres de Colletotrichum lindemuthianum em várzeas tropicais irrigadas por subirrigação
260 3 _aSanto Antônio de Goiás, GO (Brasil):
_c2002.
300 _a16 p.
490 _aBoletim de Pesquisa e Desenvolvimento - EMBRAPA Arroz e Feijão (Brazil)
_vno. 1
_xISSN 1678-9571
500 _aSummaries (En, Pt); 9 ref.
650 _aFEIJÃO
650 _aPRODUÇÃO DE SEMENTES
650 _aIRRIGAÇÃO SUBTERRÂNEA
650 _aANTRACNOSE
650 _aCONTROLE BIOLÓGICO
650 _aCONTROLE QUÍMICO
650 _aPULVERIZAÇÃO FOLIAR
650 _aVÁRZEA
650 _aTOCANTINS
909 _a202312
_bLúcia Elande
_c55
_dLúcia Elande
942 _2AGRIS
_n0
_cMS
999 _c293551
_d293551